| Tag |
First Indicator |
Second Indicator |
Subfields |
| LEADER |
00000nam a2200000 4500 |
| 001 |
in00004338021 |
| 005 |
20200812095954.0 |
| 006 |
m g d |
| 007 |
cr bn |||a|bb| |
| 008 |
850718s1642 enk o o00| | eng d |
| 035 |
|
|
|a (UnM)99859252
|
| 037 |
|
|
|a CL0051000001
|b ProQuest Information and Learning. 300 N. Zeeb Rd., Ann Arbor, MI 48106
|
| 040 |
|
|
|a Cu-RivES
|c Cu-RivES
|d CStRLIN
|e dcrb
|d WaOLN
|
| 110 |
1 |
|
|a England and Wales.
|b Sovereign (1625-1649 : Charles I)
|
| 245 |
1 |
2 |
|a A joyful message sent from the Kings Most Excellent Majesty, to Sir John Hotham; :
|b wherin he declares his last and full resolution concerning the said Sir Iohn, and the town of Hull. It being comfortable and welcome tydings to all His Majesties loving subjects. Together with Sir Iohn Hothams answer thereunto. Likewise his Majesties resolution concerning the Earl of Essex, lord generall of the army, now setting forth. Ordered by the Lords and Commons, that this be printed and published. Iohn Brown Cler. Parliament.
|
| 260 |
|
|
|a [London] :
|b Printed for Richard Seymour,
|c August, 4. 1642.
|
| 300 |
|
|
|a 1 online resource ([2], 6 pages)
|
| 336 |
|
|
|a text
|b txt
|2 rdacontent
|
| 337 |
|
|
|a computer
|b c
|2 rdamedia
|
| 338 |
|
|
|a online resource
|b cr
|2 rdacarrier
|
| 500 |
|
|
|a Place of publication from Wing.
|
| 500 |
|
|
|a Reproduction of the original in the British Library.
|
| 510 |
4 |
|
|a Wing (2nd edition, 1994)
|c C2356.
|
| 510 |
4 |
|
|a Thomason
|c E.109[1].
|
| 533 |
|
|
|a Electronic reproduction.
|b Ann Arbor, Mich. :
|c UMI,
|d 1999-
|f (Early English books online)
|n Digital version of: (Thomason Tracts ; 19:E109[1])
|7 s1999 miun s
|
| 600 |
1 |
0 |
|a Essex, Robert Devereux,
|c Earl of,
|d 1591-1646
|v Early works to 1800.
|
| 600 |
1 |
0 |
|a Hotham, John,
|c Sir,
|d d. 1645 Jan. 2
|v Early works to 1800.
|
| 651 |
|
4 |
|a Great Britain
|x History
|y Civil War, 1642-1649
|v Sources
|v Early works to 1800.
|
| 651 |
|
4 |
|a Hull (England)
|v Early works to 1800.
|
| 700 |
0 |
|
|a Charles
|b I,
|c King of England,
|d 1600-1649.
|
| 710 |
1 |
|
|a England and Wales.
|b Parliament.
|
| 830 |
|
0 |
|a Early English books online.
|
| 856 |
4 |
0 |
|u http://proxy.library.tamu.edu/login?url=https://search.proquest.com/docview/2240889899
|z Connect to the full text of this electronic book
|t 0
|
| 999 |
f |
f |
|s 758fad85-78f3-3b72-82d8-a9670dc9b9dd
|i 3ee34f66-1bb0-3c21-91e5-f3993b2de073
|t 0
|
| 952 |
f |
f |
|a Texas A&M University
|b College Station
|c Electronic Resources
|d Available Online
|t 0
|h No information provided
|
| 998 |
f |
f |
|t 0
|l Available Online
|